[Event "58 POL Ch"]
[Site "Warszawa"]
[Date "2001.03.31"]
[Round "13"]
[White "Blehm, Pawel"]
[Black "Cyborowski, Lukasz"]
[Result "1/2-1/2"]
[WhiteElo "2512"]
[BlackElo "2437"]
[PlyCount "96"]
[EventDate "2001.03.18"]
[Source "PolBase"]
[SourceDate "2001.03.21"]

1. e4 c5 2. Nf3 Nc6 3. d4 cxd4 4. Nxd4 Nf6 5. Nc3 e5 6. Ndb5 d6 7. Bg5 a6 8.
Na3 b5 9. Nd5 Be7 10. Bxf6 Bxf6 11. c3 Bg5 12. Nc2 O-O 13. a4 bxa4 14. Rxa4 a5
15. Bc4 Rb8 16. Ra2 Kh8 17. O-O f5 18. exf5 Bxf5 19. Nce3 Bg6 20. f3 Bf7 21.
Qe2 Bxe3+ 22. Nxe3 d5 23. Rd1 Qb6 24. Bxd5 Rbd8 25. Kf1 e4 26. Bxf7 exf3 27.
gxf3 Rxf7 28. Rxd8+ Qxd8 29. Ra4 Qf8 30. Re4 Rxf3+ 31. Kg2 Rf4 32. Nd5 Rxe4 33.
Qxe4 h6 34. Qe6 Nd8 35. Qe4 Nc6 36. b4 axb4 37. cxb4 Qb8 38. h4 Qe5 39. Qxe5
Nxe5 40. Kg3 Kg8 41. Kf4 Nc4 42. h5 Kf7 43. Ne3 Nd6 44. Ke5 Nb5 45. Nf5 g6 46.
Nd6+ Nxd6 47. hxg6+ Kxg6 48. Kxd6 h5 1/2-1/2

[Event "58 POL Ch"]
[Site "Warszawa"]
[Date "2001.03.31"]
[Round "13"]
[White "Bartel, Mateusz"]
[Black "Grabarczyk, Miroslaw"]
[Result "1-0"]
[WhiteElo "2392"]
[BlackElo "2495"]
[PlyCount "97"]
[EventDate "2001.03.18"]
[Source "PolBase"]
[SourceDate "2001.03.21"]

1. e4 e5 2. Nf3 Nc6 3. Bb5 a6 4. Ba4 Nf6 5. O-O Be7 6. Re1 b5 7. Bb3 d6 8. c3
O-O 9. h3 Re8 10. d4 Bb7 11. Nbd2 Bf8 12. Ng5 Re7 13. d5 Nb8 14. Nf1 Nbd7 15.
Ng3 h6 16. Nf3 g6 17. Nh2 Re8 18. Ng4 Nxg4 19. hxg4 Nc5 20. Bc2 c6 21. Be3 Qh4
22. b4 Nd7 23. dxc6 Bxc6 24. Nf1 Qd8 25. Qd2 Nf6 26. Bxh6 Bxh6 27. Qxh6 Nxg4
28. Qd2 Nf6 29. Rad1 d5 30. Qh6 Qe7 31. exd5 Bxd5 32. Ne3 Be6 33. Qg5 e4 34. a4
Rab8 35. Rd4 bxa4 36. Bxa4 Rec8 37. Rxe4 Qd8 38. Rd4 Nd7 39. Qxd8+ Rxd8 40.
Red1 Rb7 41. c4 Kg7 42. c5 Nxc5 43. bxc5 Rc8 44. c6 Rb2 45. Nc4 Rbb8 46. Nd6
Rc7 47. Nb7 Kf6 48. Nc5 Bc8 49. Nd7+ 1-0

[Event "58 POL Ch"]
[Site "Warszawa"]
[Date "2001.03.31"]
[Round "13"]
[White "Gajewski, Grzegorz"]
[Black "Gdanski, Jacek"]
[Result "1/2-1/2"]
[WhiteElo "2352"]
[BlackElo "2548"]
[PlyCount "114"]
[EventDate "2001.03.18"]
[Source "PolBase"]
[SourceDate "2001.03.21"]

1. e4 e6 2. Nf3 d5 3. e5 c5 4. b4 b6 5. c3 a5 6. b5 c4 7. a4 Nd7 8. d4 cxd3 9.
Bxd3 Qc7 10. O-O Nxe5 11. Nxe5 Qxe5 12. Re1 Qc7 13. Qf3 Nf6 14. Bh6 Bb7 15. Nd2
Rc8 16. Rac1 d4 17. Ne4 Nxe4 18. Bxe4 Bxe4 19. Rxe4 dxc3 20. Bf4 Bd6 21. Bxd6
Qxd6 22. Rxc3 O-O 23. Rec4 Rxc4 24. Rxc4 Rd8 25. g3 g6 26. Qc3 Qd1+ 27. Kg2
Qd5+ 28. Kg1 h5 29. h4 e5 30. Rc6 Qe4 31. Rc8 Rxc8 32. Qxc8+ Kg7 33. Qc6 Qd4
34. Kg2 Kf8 35. Kf3 Ke7 36. Qc7+ Ke6 37. Kg2 Qd6 38. Qa7 Qc5 39. Kg1 Qd6 40.
Qb7 Qd1+ 41. Kh2 Qd4 42. Kg1 Qc5 43. Qa7 Qd6 44. Qb7 f5 45. Kh2 e4 46. Kg2 Ke5
47. Qg7+ Kd5 48. Qb7+ Kd4 49. Qc6 Ke5 50. Qc3+ Kd5 51. Qc8 Qe6 52. Qc7 e3 53.
fxe3 Qd6 54. Qxd6+ Kxd6 55. Kf3 Ke5 56. Kf2 Kd5 57. Kf3 Ke5 1/2-1/2

[Event "58 POL Ch"]
[Site "Warszawa"]
[Date "2001.03.31"]
[Round "13"]
[White "Kuczynski, Robert"]
[Black "Markowski, Tomasz"]
[Result "1/2-1/2"]
[WhiteElo "2504"]
[BlackElo "2595"]
[PlyCount "96"]
[EventDate "2001.03.18"]
[Source "PolBase"]
[SourceDate "2001.03.21"]

1. e4 d6 2. d4 Nf6 3. Nc3 g6 4. Nf3 Bg7 5. h3 O-O 6. Be3 c6 7. a4 Qc7 8. Bd3
Nbd7 9. a5 Rb8 10. O-O b5 11. axb6 axb6 12. Qd2 b5 13. b4 e5 14. dxe5 dxe5 15.
Bh6 Re8 16. Bxg7 Kxg7 17. Rfb1 Nb6 18. Nd1 Be6 19. Qc3 Bc4 20. Nb2 c5 21. bxc5
Qxc5 22. Bxc4 Qxf2+ 23. Kxf2 Nxe4+ 24. Kf1 Nxc3 25. Bxb5 Nxb5 26. Nd3 Nc4 27.
Ndxe5 Ne3+ 28. Kf2 Nxc2 29. Ra6 Ncd4 30. Nxd4 Nxd4 31. Rxb8 Rxb8 32. Ra7 Rb2+
33. Kf1 Kf6 34. Nxf7 Nf5 35. g4 Ne3+ 36. Kg1 Rg2+ 37. Kh1 Rd2 38. Kg1 Nc2 39.
h4 Nd4 40. Ng5 Ke5 41. Rf7 h6 42. Nf3+ Nxf3+ 43. Rxf3 Rd4 44. Kg2 Rxg4+ 45. Kh3
h5 46. Ra3 Rd4 47. Ra5+ Rd5 48. Ra6 Kf5 1/2-1/2

[Event "58 POL Ch"]
[Site "Warszawa"]
[Date "2001.03.31"]
[Round "13"]
[White "Urban, Klaudiusz"]
[Black "Socko, Bartosz"]
[Result "0-1"]
[WhiteElo "2434"]
[BlackElo "2557"]
[PlyCount "100"]
[EventDate "2001.03.18"]
[Source "PolBase"]
[SourceDate "2001.03.21"]

1. d4 Nf6 2. c4 g6 3. g3 Bg7 4. Bg2 O-O 5. Nf3 d6 6. O-O Nc6 7. Nc3 a6 8. Re1
Bd7 9. h3 e5 10. e3 Rb8 11. b3 b5 12. d5 Ne7 13. Nd2 Ne8 14. e4 Qc8 15. Kh2 f5
16. a4 b4 17. Ne2 Nf6 18. f3 h5 19. c5 dxc5 20. Nc4 h4 21. gxh4 Nh5 22. Rf1 Qe8
23. Be3 Nc8 24. Bxc5 Rf6 25. Qd2 Nd6 26. Rac1 fxe4 27. fxe4 Rxf1 28. Rxf1 Nxc4
29. bxc4 a5 30. d6 cxd6 31. Bxd6 Rc8 32. Qd5+ Qe6 33. c5 Nf6 34. Qxe6+ Bxe6 35.
Rc1 Ne8 36. Be7 Bd7 37. Bf3 Bf6 38. Bxf6 Nxf6 39. Ng3 Bxa4 40. Be2 Bc6 41. h5
gxh5 42. Nf5 Rc7 43. Rg1+ Kh7 44. Nd6 a4 45. Bc4 b3 46. Be6 Bd7 47. Bxd7 Rxd7
48. Nc4 Nxe4 49. c6 Rc7 50. Nxe5 Nd2 0-1

[Event "58 POL Ch"]
[Site "Warszawa"]
[Date "2001.03.31"]
[Round "13"]
[White "Macieja, Bartlomiej"]
[Black "Jaracz, Pawel"]
[Result "1/2-1/2"]
[WhiteElo "2583"]
[BlackElo "2477"]
[PlyCount "53"]
[EventDate "2001.03.18"]
[Source "PolBase"]
[SourceDate "2001.03.21"]

1. e4 c5 2. Nc3 d6 3. f4 a6 4. Nf3 e6 5. d3 Nc6 6. g4 b5 7. Bg2 Bb7 8. Qe2 Qc7
9. Be3 Nf6 10. g5 Nd7 11. O-O g6 12. a3 Bg7 13. Qf2 Ne7 14. Rae1 h6 15. h4 h5
16. Ne2 d5 17. Ng3 Bxb2 18. f5 d4 19. Bd2 e5 20. Bh3 Nc6 21. Bc1 Bxc1 22. Rxc1
O-O-O 23. c3 Kb8 24. Ne2 Qd6 25. cxd4 cxd4 26. Qg3 Rhe8 27. Ne1 1/2-1/2

[Event "58th POL-Ch playoff"]
[Site "Warsaw POL"]
[Date "2001.03.31"]
[Round "14.1"]
[White "Kempinski, Robert"]
[Black "Krasenkow, Michal"]
[Result "0-1"]
[WhiteElo "2554"]
[BlackElo "2658"]
[PlyCount "80"]
[EventDate "2001.03.18"]

1. d4 Nf6 2. c4 g6 3. Nc3 d5 4. Nf3 Bg7 5. e3 O-O 6. cxd5 Nxd5 7. Bc4 Nb6 8.
Bb3 Nc6 9. O-O e5 10. d5 Na5 11. Bc2 c6 12. e4 cxd5 13. exd5 Nac4 14. a4 Nd6
15. h3 Bd7 16. Bb3 a5 17. Qe2 Rc8 18. Bg5 f6 19. Be3 Nbc4 20. Rac1 Nxe3 21.
Qxe3 f5 22. Nb5 Rxc1 23. Rxc1 Bxb5 24. axb5 e4 25. Nd4 f4 26. Qd2 e3 27. fxe3
fxe3 28. Qxe3 Qb6 29. Rd1 Re8 30. Qf2 Re4 31. Ne6 Qxf2+ 32. Kxf2 Rb4 33. Rd3 a4
34. Bd1 Rxb2+ 35. Ke1 Ra2 36. Nxg7 Kxg7 37. Re3 a3 38. b6 Ra1 39. Ke2 a2 40.
Ra3 Nb5 0-1

[Event "58th POL-Ch playoff"]
[Site "Warsaw POL"]
[Date "2001.03.31"]
[Round "14.2"]
[White "Krasenkow, Michal"]
[Black "Kempinski, Robert"]
[Result "0-1"]
[WhiteElo "2658"]
[BlackElo "2554"]
[PlyCount "70"]
[EventDate "2001.03.18"]

1. d4 Nf6 2. c4 g6 3. Nc3 Bg7 4. e4 O-O 5. h3 c6 6. f4 d6 7. Nf3 Nbd7 8. e5 Ne8
9. Be3 Nc7 10. Qd2 c5 11. d5 b6 12. exd6 exd6 13. a4 Nf6 14. Bd3 Na6 15. O-O
Nb4 16. Bb1 Re8 17. Ra3 Ba6 18. Nb5 Ne4 19. Bxe4 Rxe4 20. Ng5 Rxc4 21. f5 Rc2
22. Qd1 Bb7 23. fxg6 fxg6 24. Rd3 Nxd3 25. Qxd3 Rxb2 26. Rf7 Bc8 27. Ne6 Bxe6
28. dxe6 Qh4 29. e7 Rb1+ 30. Qxb1 Kxf7 31. Qd1 Be5 32. Qf3+ Kxe7 33. Qb7+ Kf6
34. Qf3+ Ke6 35. Bf2 Qf4 0-1